000 01081nam0a22002771 4500
001 rc\2332264
005 20250623080140.0
035 _a(NLR Aleph) 006676710
090 _a5040711
_c5040711
100 _a20110829d1977 |||y0rusy50 ca
101 0 _arus
102 _aRU
105 _ay z |||||
200 1 _aМетоды и модели прогнозирования производительности труда
_e(По материалам пром-сти ЛатвССР)
_fР.Я. Почс
_gАН ЛатвССР, Ин-т экономики
210 _aРига
_cЗинатне
_d1977
215 _a139 с.
_cграф.
_d22
320 _aСписок лит.: с. 135-137 (52 назв.)
606 _aПроизводительность труда в промышленности
_xПрогнозирование
_2rkp
700 1 _aПочс
_bР.Я.
_gРемигий Янович
801 0 _aRU
_bNLR
_gpsbo
801 1 _aRU
_bELAR
_2rusmarc
852 _aNLR
_j77-5/7301
899 _aRuMoRGB
_jБ 77-11/499
899 _aRuMoRGB
_jБ 77-11/500
942 _cBOOK
980 _aNB